000 01670nam0a2200373 4500
001 RU\NLR\bibl\800999
005 20260406042911.0
010 _a5-17-027016-X
_bАСТ
010 _a5-271-10320-X
_bАстрель
_910000
021 _aRU
_b2005-2092
_9104
035 _aRSL-KNO-002565675
035 _a(NLR Aleph) 000790170
090 _a1116678
_c1116678
100 _a20050204d2004 |||y0rusy50 ca
101 0 _arus
102 _aRU
105 _ay |||||||||
106 _ar
200 1 _aВозвращение Стреляного
_e[роман]
_fА. Граков
210 _aМ.
_cАСТ
_cАстрель
_d2004
_gГУП Чехов. полигр. комб.
215 _a461, [2] с.
_d17
225 1 _aОбожженные зоной
610 0 _aФилологические науки. Художественная литература -- Российская Федерация -- Русская литература -- с сер. 50-х гг. 20 в. -- Произведения художественной литературы -- Художественная проза -- Романы. Повести. Рассказы -- Приключенческие и детективные романы, повести, рассказы
686 _aШ5(2=Р)75-644.6
_2rubbk
686 _aШ6(2=Р)75-446
700 1 _4070
_8rus
_7ca
_aГраков
_bА. Д.
_gАлександр Дмитриевич
_f1949-
_3RU\NLR\auth\773041
_9113048
801 0 _aRU
_bRuMoRKP
_c20050204
_grcr
801 1 _aRU
_bRuMoRGB
_c20050204
801 2 _aRU
_bNLR
_c20050518
_gPSBO
942 _cBOOK
980 _aNB